书目信息 |
| 题名: |
分布式发电
|
|
| 作者: | 赖来利 , 陈梓芬 著 ;孔祥新 译 | |
| 分册: | ||
| 出版信息: | 北京 机械工业出版社 2009.09 |
|
| 页数: | xvii, 192页 | |
| 开本: | 24cm | |
| 丛书名: | 国际电气工程先进技术译丛 | |
| 单 册: | ||
| 中图分类: | TM346 , TM351 | |
| 科图分类: | ||
| 主题词: | 感应电机--gan ying dian ji , 永磁式电机--yong ci shi dian ji | |
| 电子资源: | ||
| ISBN: | 978-7-111-28287-7 | |
| 000 | 01653oam2 22003731 450 | |
| 001 | 012010000998 | |
| 005 | 20100713172627.0 | |
| 010 | @a978-7-111-28287-7@dCNY59.00 | |
| 100 | @a20091119d2009 em y0chiy0121 ea | |
| 101 | 1 | @achi@ceng |
| 102 | @aCN@b110000 | |
| 105 | @aa a 000yy | |
| 200 | 1 | @a分布式发电@9fen bu shi fa dian@e感应和永磁发电机@f(英) Loi Lei Lai,(中) Tze Fun Chan著@g孔祥新等译 |
| 210 | @a北京@c机械工业出版社@d2009.09 | |
| 215 | @axvii, 192页@c图@d24cm | |
| 225 | 2 | @a国际电气工程先进技术译丛@9guo ji dian qi gong cheng xian jin ji shu yi cong |
| 306 | @a由John Wiley & Sons公司授权出版 | |
| 312 | @a英文题名取自封面 | |
| 314 | @a责任者Loi Lei Lai规范汉译姓: 赖来利; 责任者Tze Fun Chan规范汉译姓: 陈梓芬 | |
| 320 | @a有书目 | |
| 330 | @a本书主要内容包括:分布式发电概述、感应发电机和永磁发电机的特点、单相发电系统中三相感应发电机的相平衡方案、基于Steinmetz联结的并网单相感应发电机的性能、自励式感应发电机的电路结构以及性能、自励式绕线转子感应发电机的电压和频率控制方法及性能、内置永磁转子的三相同步发电机的性能,以及分布式发电的未来发展趋势。 | |
| 461 | 0 | @12001 @a国际电气工程先进技术译丛 |
| 500 | 10 | @aDistributed generation: induction and permanent magnet generators@mChinese |
| 517 | 1 | @a感应和永磁发电机@9gan ying he yong ci fa dian ji |
| 606 | 0 | @a感应电机@9gan ying dian ji |
| 606 | 0 | @a永磁式电机@9yong ci shi dian ji |
| 690 | @aTM346@v5 | |
| 690 | @aTM351@v4 | |
| 701 | 1 | @a赖来利@9lai lai li@g(Lai, Loi Lei)@4著 |
| 701 | 0 | @a陈梓芬@9chen zi fen@4著 |
| 702 | 0 | @a孔祥新@9kong xiang xin@c(翻译)@4译 |
| 801 | 0 | @aCN@b91MARC@c20101222 |
| 905 | @aBZT@dTM346@e1 | |
| 906 | @dCNY59.00@n0@r1 | |
| 分布式发电:感应和永磁发电机/(英) Loi Lei Lai,(中) Tze Fun Chan著/孔祥新等译.-北京:机械工业出版社,2009.09 |
| xvii, 192页:图;24cm.-(国际电气工程先进技术译丛) |
| ISBN 978-7-111-28287-7:CNY59.00 |
| 本书主要内容包括:分布式发电概述、感应发电机和永磁发电机的特点、单相发电系统中三相感应发电机的相平衡方案、基于Steinmetz联结的并网单相感应发电机的性能、自励式感应发电机的电路结构以及性能、自励式绕线转子感应发电机的电压和频率控制方法及性能、内置永磁转子的三相同步发电机的性能,以及分布式发电的未来发展趋势。 |
| ● |
| 相关链接 |
|
|
|
正题名:分布式发电
索取号:TM346/1
 
预约/预借
| 序号 | 登录号 | 条形码 | 馆藏地/架位号 | 状态 | 备注 |
| 1 | 757649 | 2000757649 | 样本书库/样003架B面3层1列/ [索取号:TM346/1] | 在馆 | |
| 2 | 757650 | 2000757650 | 中心书库中库/ 中库029架A面2列1层85/ [索取号:TM346/1] | 在馆 | |
| 3 | 757651 | 2000757651 | 中心书库中库/ 中库029架A面2列1层84/ [索取号:TM346/1] | 在馆 | |
| 4 | 757652 | 2000757652 | 中心书库中库/ 中库029架A面2列1层86/ [索取号:TM346/1] | 在馆 | |
| 5 | 757653 | 2000757653 | 中心书库中库/ 中库029架A面2列1层87/ [索取号:TM346/1] | 在馆 | |
| 6 | 757654 | 2000757654 | 中心书库中库/ 中库029架A面2列1层88/ [索取号:TM346/1] | 在馆 |